Towards Course Enhancement Plan for Bachelor of Science in Office Administration Students in the University of Rizal System Binangonan, Rizal / (Record no. 83868)
[ view plain ]
| 000 -LEADER | |
|---|---|
| fixed length control field | 03095nam a22002297a 4500 |
| 003 - CONTROL NUMBER IDENTIFIER | |
| control field | URS |
| 005 - DATE AND TIME OF LATEST TRANSACTION | |
| control field | 20251014141312.0 |
| 008 - FIXED-LENGTH DATA ELEMENTS--GENERAL INFORMATION | |
| fixed length control field | 250729b |||||||| |||| 00| 0 eng d |
| 100 ## - MAIN ENTRY--PERSONAL NAME | |
| Personal name | Corpuz, Jundy S. |
| Relator term | researcher |
| 245 ## - TITLE STATEMENT | |
| Title | <a href="Towards Course Enhancement Plan for Bachelor of Science in Office Administration Students in the University of Rizal System Binangonan, Rizal /">Towards Course Enhancement Plan for Bachelor of Science in Office Administration Students in the University of Rizal System Binangonan, Rizal /</a> |
| Remainder of title | Jundy S. Corpuz |
| 260 ## - PUBLICATION, DISTRIBUTION, ETC. (IMPRINT) | |
| Date of publication, distribution, etc | 2024 |
| 300 ## - PHYSICAL DESCRIPTION | |
| Extent | xii, 70 leaves: |
| Other physical details | 28 cm. |
| 502 ## - DISSERTATION NOTE | |
| Dissertation note | Undergraduate Thesis |
| Degree type | Bachelor of Science in Office Administration<br/> |
| Name of granting institution | University of Rizal System Binangonan |
| Year degree granted | 2024<br/> |
| 520 ## - SUMMARY, ETC. | |
| Summary, etc | This study aimed to determine the level of job preparedness of Bachelor of<br/>Science in Office Administration Students at the University of Rizal System<br/>Binangonan Rizal. The researchers used 100 percent of the 52 fourth-year students. Specifically, this study sought to find out the profile of the respondents in terms of age and sex. The study also aimed to determine the level of job <br/>preparedness in terms of General administrative and clerical support, Office <br/>management, Office communications, Filling, Human relations skills, and Lifelong learning engagement. This study was conducted in the University of Rizal <br/>System Binangonan Campus in the academic year of 2023-2024. <br/>The study used a descriptive method and a questionnaire checklist as a <br/>main instrument in gathering data. To determine the profile of the respondents, <br/>frequency, percentage, and rank distribution were used. Weighted mean was <br/>computed and used to determine the job preparedness in terms of General <br/>administrative and clerical support, Office management, Office communications, <br/>Filling, Human relations skills, and Lifelong Learning Engagement for their <br/>statistical treatment. <br/>Results revealed that the majority of the respondents are females aged 21-22 years old and somewhat prepared in terms of General administrative and <br/>clerical support, Office management, Office communications, Filling, Human <br/>relations skills, and Lifelong Learning Engagement. <br/>The researchers recommended that the Bachelor of Science in Office <br/>Administration students may have an engagement in extracurricular assessment <br/>and activities that will enhance their skills most especially in building a <br/>connection and communication to comply and adapt in the fastest way possible <br/>while significantly practicing the skills that will allow themselves to grow in their <br/>respective environment. It is also suggested that future researchers may conduct <br/>a similar study that will measure the actual level of job preparedness focusing on <br/>the program outcomes of the Bachelor of Science in Office Administration.<br/><br/><br/> |
| 700 ## - ADDED ENTRY--PERSONAL NAME | |
| Personal name | Rosechel Corral |
| Relator term | Adviser |
| 700 ## - ADDED ENTRY--PERSONAL NAME | |
| Personal name | Alonna B. Francisco |
| Relator term | researcher |
| 700 ## - ADDED ENTRY--PERSONAL NAME | |
| Personal name | Jerose Caroline B. Gonda |
| Relator term | researcher |
| 700 ## - ADDED ENTRY--PERSONAL NAME | |
| Personal name | Reyana Mirra O. Mesa |
| Relator term | researcher |
| 856 ## - ELECTRONIC LOCATION AND ACCESS | |
| Materials specified | Online Request for Student Unpublished Works |
| Uniform Resource Identifier | https://forms.gle/7LqvGGkaDrUQqz429 |
| 856 ## - ELECTRONIC LOCATION AND ACCESS | |
| Uniform Resource Identifier | https://drive.google.com/file/d/1xly2hU5htZQvFBd8OZ_WXNMqBVAN6iGJ/view?usp=drive_link |
| 942 ## - ADDED ENTRY ELEMENTS (KOHA) | |
| Source of classification or shelving scheme | Library of Congress Classification |
| Koha item type | Theses and dissertations |
| Withdrawn status | Source of classification or shelving scheme | Damaged status | Not for loan | Home library | Current library | Date acquired | Total Checkouts | Barcode | Date last seen | Price effective from | Koha item type |
|---|---|---|---|---|---|---|---|---|---|---|---|
| Library of Congress Classification | Binangonan College Library | Binangonan College Library | 07/29/2025 | URSBIN-UGT3363 | 07/29/2025 | 07/29/2025 | Theses and dissertations |